| 000 | 00866nam a22002777a 4500 | ||
|---|---|---|---|
| 001 | 200460959 | ||
| 003 | TR-AnTOB | ||
| 005 | 20240611114104.0 | ||
| 008 | 240611b tu ||||| |||| 00| 0 tur d | ||
| 020 | _a9786057454201 | ||
| 040 |
_aTR-AnTOB _beng _erda _cTR-AnTOB |
||
| 041 |
_atur _beng |
||
| 092 |
_a828.3354 _bSTA 2021 |
||
| 100 | _qStanding , Jhonathan. | ||
| 245 |
_aDuvarın içinden / _cyazan ve resimleyen Jonathan Standing ; çeviren Ayşe Çevik. |
||
| 250 | _a1. bs. | ||
| 260 |
_aAnkara : _bHayalkurdu Yayıncılık, _c2021. |
||
| 300 |
_anumaralandırılmamış sayfalar _bill. ; _c22 cm. |
||
| 336 |
_atext _btxt _2rdacontent |
||
| 337 |
_aunmediated _bn _2rdamedia |
||
| 338 |
_avolume _bnc _2rdacarrier |
||
| 500 | _aEserin özgün adı: Through the wall. | ||
| 942 |
_2ddc _cBK |
||
| 999 |
_c200460959 _d79171 |
||